Steam turbine operation: a textbook on the installation, running, maintenance and testing of steam turbines (Record no. 925)

000 -LEADER
fixed length control field 00469nam a22001457a 4500
008 - FIXED-LENGTH DATA ELEMENTS--GENERAL INFORMATION
fixed length control field 191231b ||||| |||| 00| 0 eng d
082 00 - DEWEY DECIMAL CLASSIFICATION NUMBER
Classification number 621.165
Item number K249
100 ## - MAIN ENTRY--PERSONAL NAME
9 (RLIN) 74
Personal name Kearton, William J.
245 10 - TITLE STATEMENT
Title Steam turbine operation: a textbook on the installation, running, maintenance and testing of steam turbines
250 ## - EDITION STATEMENT
Edition statement 6th
260 ## - PUBLICATION, DISTRIBUTION, ETC. (IMPRINT)
Place of publication, distribution, etc LOndon
Name of publisher, distributor, etc Sir Isaac Pitman & Sons
Date of publication, distribution, etc 1951
300 ## - PHYSICAL DESCRIPTION
Extent xx,650p.
650 #0 - SUBJECT ADDED ENTRY--TOPICAL TERM
Topical term or geographic name as entry element Steam Turbines
942 ## - ADDED ENTRY ELEMENTS (KOHA)
Item type Books
Holdings
Withdrawn status Lost status Source of classification or shelving scheme Damaged status Not for loan Permanent location Current location Date acquired Source of acquisition Full call number Barcode Date last seen Koha item type
          IMU Kolkata IMU Kolkata 1952-10-22 A. H. Wheeler 621.165 K249 00533 2019-12-31 Books
          IMU Kolkata IMU Kolkata 1952-10-22 A. H. Wheeler 621.165 K249 00534 2019-12-31 Books
Designed and Maintained by IMU-KC Library, Kolkata Campus © Copyright All Rights Reserved

webs counters

Powered by Koha